Harry Styles Song Title by Synonyms - Statistics

General Stats
  • This quiz has been taken 116 times
  • The average score is 9 of 12
Answer Stats
Synonym Answer % Correct
Delayed Evening Speaking late night talking
97%
Vine Fruit Drink grapejuice
91%
Lamps Raised lights up
90%
Encounter me Within the Corridor meet me in the hallway
90%
Double Phantoms two ghosts
90%
Tiny Weirdo little freak
87%
Off the Feast Desk from the dining table
68%
Maintain Steering keep driving
68%
Plummeting falling
51%
Worship Thee adore you
48%
Sugary Entity sweet creature
48%
Solely Spirit only angel
42%
No matching quizzes found
Score Distribution
Percent of People with Each Score
Percentile by Number Answered
Your Score History
You have not taken this quiz